Rice is life : (Record no. 20897)

000 -LEADER
fixed length control field 00870cam a22002657a 4500
020 ## - INTERNATIONAL STANDARD BOOK NUMBER
ISBN 9251053642
040 ## - CATALOGING SOURCE
Transcribing agency VPI
082 ## - DEWEY DECIMAL CLASSIFICATION NUMBER
Classification number RIS INT 2005 A035 Or.
245 00 - TITLE STATEMENT
Title Rice is life :
Remainder of title International Year of Rice 2004 and its implementation /
246 30 - VARYING FORM OF TITLE
Title proper/short title International Year of Rice 2004 and its implementation
260 ## - PUBLICATION, DISTRIBUTION, ETC. (IMPRINT)
Place of publication Rome, Italy :
Name of publisher International Rice Commission :
-- FAO,
Year of publication 2005.
300 ## - PHYSICAL DESCRIPTION
Number of Pages xvii, 133 p. :
Other physical details col. ill. ;
Dimensions 22 x 28 cm.
500 ## - GENERAL NOTE
General note "October 2005"-- T.p.
650 #0 - SUBJECT ADDED ENTRY--TOPICAL TERM
Topical Term Rice
650 #0 - SUBJECT ADDED ENTRY--TOPICAL TERM
Topical Term Rice trade.
650 #0 - SUBJECT ADDED ENTRY--TOPICAL TERM
Topical Term Rice products.
650 #0 - SUBJECT ADDED ENTRY--TOPICAL TERM
Topical Term Sustainable development.
650 #0 - SUBJECT ADDED ENTRY--TOPICAL TERM
Topical Term Rice
650 #0 - SUBJECT ADDED ENTRY--TOPICAL TERM
Topical Term Rice
650 #0 - SUBJECT ADDED ENTRY--TOPICAL TERM
Topical Term Rice in human nutrition.
710 2# - ADDED ENTRY--CORPORATE NAME
Corporate name or jurisdiction name as entry element International Rice Commission.
710 2# - ADDED ENTRY--CORPORATE NAME
Corporate name or jurisdiction name as entry element Food and Agriculture Organization of the United Nations.
710 2# - ADDED ENTRY--CORPORATE NAME
Corporate name or jurisdiction name as entry element International Year of Rice (Program)
942 ## - ADDED ENTRY ELEMENTS (KOHA)
Koha item type ADB
952 ## - LOCATION AND ITEM INFORMATION (KOHA)
Withdrawn status [LOCAL, KOHA] 0
952 ## - LOCATION AND ITEM INFORMATION (KOHA)
Withdrawn status [LOCAL, KOHA] 0
952 ## - LOCATION AND ITEM INFORMATION (KOHA)
Withdrawn status [LOCAL, KOHA] 0
952 ## - LOCATION AND ITEM INFORMATION (KOHA)
Withdrawn status [LOCAL, KOHA] 0
Holdings
Permanent Location Date acquired Koha item type Lost status Shelving location Barcode Current Location Full call number
Library Block A2023-01-12ADB A035a071304Library Block ARIS INT 2005 A035 Or.
Library Block A2023-01-12ADB A035a071288Library Block ARIS INT 2005 A035 Or.
Library Block A2023-01-12ADB A035a071296Library Block ARIS INT 2005 A035 Or.
Library Block A2023-01-12ADB A035a071292Library Block ARIS INT 2005 A035 Or.
មជ្ឈមណ្ឌលឯការនៃសាកលវិទ្យាល័យភូមិន្ទកសិកម្មចំការដូង

Powered by Koha